By which we see all colours / (Record no. 7505)

MARC details
000 -LEADER
fixed length control field 00544 a2200181 4500
010 ## - LCCN (DPL NO)
LC control number ENG-88015
020 ## - INTERNATIONAL STANDARD BOOK NUMBER
International Standard Book Number 8176211869
Terms of availability 295.00
035 ## - SYSTEM CONTROL NUMBER
System control number EN-71548
037 ## - SOURCE OF ACQUISITION
Source of stock number/acquisition DBAD / PUB
082 14 - DEWEY DECIMAL CLASSIFICATION NUMBER
Classification number N
100 1# - MAIN ENTRY--PERSONAL NAME
Personal name Mehra, Mrinalini Patwardhan
245 1# - TITLE STATEMENT
Title By which we see all colours /
Statement of responsibility, etc by Mrinalini Patwardhan Mehra; edited by Paro Anand
260 ## - PUBLICATION, DISTRIBUTION, ETC. (IMPRINT)
Place of publication, distribution, etc New Delhi
Name of publisher, distributor, etc Full Circle Publishing
Date of publication, distribution, etc 2007
270 ## - ADDRESS
Address J-40, Jor Bagh lane
City New Delhi
Postal code 110 003
300 ## - PHYSICAL DESCRIPTION
Extent 258 p.
Dimensions 20 cm (Pbk)
700 ## - ADDED ENTRY--PERSONAL NAME
Personal name Anand, Paro
942 ## - ADDED ENTRY ELEMENTS (KOHA)
Institution code [OBSOLETE] dpl
Item type English Books
Source of classification or shelving scheme Dewey Decimal Classification
Classification part N
Call number suffix MEH
Holdings
Withdrawn status Lost status Not for loan Collection code Home library Current library Source of acquisition Cost, normal purchase price Full call number Barcode Copy number Cost, replacement price Koha item type
    Not For Loan Fiction D.B.Act.Division D.B.Act.Division DBAD/PUB 295.00 N MEH EN-71548 1 295.00 English Books

© Delhi Public Library
Hit Counter
free hit counter